| 000 | 01164nam a2200325 i 4500 | ||
|---|---|---|---|
| 003 | EG-GICUC | ||
| 005 | 20260121101338.0 | ||
| 008 | 251124s1975 fr d|||f |||| 000 0 fre d | ||
| 020 | _a2-7193-0882-X | ||
| 040 |
_aEG-GiCUC _bfre _cEG-GiCUC _dEG-GiCUC _eRda |
||
| 041 | 0 | _afre | |
| 082 | 0 | 4 |
_221 _a338.9 _bNA . P |
| 092 | 0 | 4 | _221 |
| 099 | _aLaw1 13 338.9 NA . P 1975 | ||
| 100 | 1 |
_aNana-sinkam, Samuel _eAuteur |
|
| 245 | 1 | 0 |
_aPays Candidats Au Processus De Développement : _bCapacité D'absorption Assistance Extérieure Et Modèles De Croissance Économique / _cSamuel Nana-sinkam, Samir Amin. |
| 264 | 1 |
_aParis : _bMouton, _c1975. |
|
| 300 |
_a581page : _billustration ; tableaux, graphiques. _c 24 cm. |
||
| 336 |
_2rda contenu _a texte |
||
| 337 |
_2rda medias _aOrdinateur |
||
| 338 |
_2 transporteur rda _a Ressource en ligne |
||
| 504 | _aBibliography: pages 545-569. | ||
| 546 | _aTexte en français | ||
| 650 | 1 | 4 |
_aFinances publiques et législation fiscale _2qrmak |
| 651 | 1 | _2qrmak | |
| 700 | 1 |
_aAmin, Samir _ePrésident |
|
| 856 | 4 | 0 | _uhttps://fll.law.cu.edu.eg/fulltext/bks/B13-07596.pdf |
| 905 | _a70 | ||
| 942 |
_2ddc _cBK _e21 _n0 |
||
| 999 |
_c45698 _d45698 |
||